Statistiken für Wortarten

Klicken Sie hier um das Quiz zu spielen!

Allgemein

  • Dieses Quiz wurde 122 mal gespielt
  • Das Durchschnittsergebnis liegt bei 5 aus 9

Antwortstatistiken

Antwort% Korrekt
Verb
100%
Adjektiv
91%
Adverb
72%
Substantiv
62%
Artikel
58%
Pronomen
58%
Präposition
45%
Konjugation
10%
Interjektion
7%

Verteilung der Resultate

Perzentil nach korrekt beantworteten Fragen

Anzahl Personen mit jedem Resultat

Ihre Resultats-Entwicklung

Sie haben dieses Quiz noch nicht gespielt